00716nam a2200169Ia 4500100001800000942000700018654001200025245003800037260003700075082001600112300000800128546001200136999001700148952012700165952012700292952012700419 aShur Michael  cBK aPhysics aPhysics of semi conductor devices bPrentice HallaNew Delhic1995 a530.41bSHU a680 aENGLISH c26077d26077 001040708CRCaCRCEbCRCEd2023-03-17eglobal booksg175.00i29l0o530.41 SHUp8260r2023-03-17v175.00w2023-03-17yBK 001040708CRCaCRCEbCRCEd2023-03-17eglobal booksg175.00i29l0o530.41 SHUp8261r2023-03-17v175.00w2023-03-17yBK 001040708CRCaCRCEbCRCEd2023-03-17eglobal booksg175.00i29l0o530.41 SHUp8262r2023-03-17v175.00w2023-03-17yBK